| 000 | 00415nam a22001457a 4500 | ||
|---|---|---|---|
| 005 | 20240603124345.0 | ||
| 008 | 240603b |||||||| |||| 00| 0 eng d | ||
| 020 | _a978-1-64546-383-2 | ||
| 041 | _aeng | ||
| 100 |
_aDR. KUMAR SANJAY _98424 |
||
| 245 | _aPERSONALITY CAREER AUR BINDAS JINDAGI: VYAKTITWA NIRMAAN KEE EK LAJAVAAB PUSTAK | ||
| 260 |
_aRANCHI _bSPENIN, XPRESS PUBLISHING |
||
| 300 | _a161;P | ||
| 942 | _cBK | ||
| 999 |
_c8516 _d8514 |
||